[Event "VII C.to Italiano U20"]
[Site "Laveno-Mombello ITA"]
[Date "1999.08.15"]
[Round "5"]
[White "Delfino, Luigi"]
[Black "De Bortoli, Peter"]
[Result "0-1"]
[WhiteElo "1909"]
[BlackElo "2225"]
[PlyCount "62"]
[EventDate "1999.08.11"]

1. d4 Nf6 2. c4 e5 3. dxe5 Ng4 4. Nf3 Bc5 5. e3 Nc6 6. Nbd2 Ngxe5 7. Be2 b6 8.
O-O Bb7 9. a3 a5 10. b3 f5 11. Bb2 Qf6 12. Rb1 O-O-O 13. Nxe5 Nxe5 14. Nf3 Bd6
15. Nxe5 Bxe5 16. Bxe5 Qxe5 17. Bf3 Rhe8 18. b4 axb4 19. axb4 Bxf3 20. gxf3 f4
21. e4 Re6 22. Ra1 Kb7 23. Qa4 Rg6+ 24. Kh1 Qh5 25. Qa6+ Kc6 26. Qa4+ Kd6 27.
Qd1+ Ke7 28. Rg1 Rxg1+ 29. Kxg1 Rf8 30. Ra7 Rf6 31. Rxc7 Qh3 0-1

[Event "VII C.to Italiano U20"]
[Site "Laveno-Mombello ITA"]
[Date "1999.08.15"]
[Round "5"]
[White "Dorighet, Claudio"]
[Black "Genocchio, Daniele"]
[Result "0-1"]
[WhiteElo "2121"]
[BlackElo "2291"]
[PlyCount "78"]
[EventDate "1999.08.11"]

1. c4 c5 2. Nc3 g6 3. g3 Bg7 4. Bg2 Nc6 5. e4 d6 6. Nge2 h5 7. h4 Nf6 8. d3 Bd7
9. Rb1 O-O 10. O-O a6 11. a3 Rc8 12. b4 cxb4 13. axb4 Ne5 14. b5 a5 15. Na4 b6
16. Be3 Rb8 17. f3 e6 18. Qb3 d5 19. cxd5 exd5 20. Bf4 Re8 21. d4 Nc4 22. Bxb8
Qxb8 23. e5 Bh6 24. Rbe1 Nd2 25. Qa2 Nxf1 26. Kxf1 Bxb5 27. Rb1 Bc4 28. Qa3 Nd7
29. Bh3 Nxe5 30. dxe5 Qxe5 31. Kg1 Qxe2 32. Bg2 Qe3+ 33. Qxe3 Bxe3+ 34. Kh2 b5
35. Nc3 d4 36. Nxb5 Rb8 37. Na3 Rxb1 38. Nxb1 Bd3 39. Na3 Bc1 0-1

[Event "VII C.to Italiano U20"]
[Site "Laveno-Mombello ITA"]
[Date "1999.08.15"]
[Round "5"]
[White "Frassoldati, Giacomo"]
[Black "Berni, Giorgio"]
[Result "0-1"]
[WhiteElo "1579"]
[BlackElo "1665"]
[PlyCount "54"]
[EventDate "1999.08.11"]

1. c4 Nf6 2. Nc3 g6 3. e4 d6 4. d4 Bg7 5. Bg5 Nbd7 6. f4 O-O 7. Nf3 c5 8. d5 h6
9. Bh4 Qc7 10. Bd3 Re8 11. O-O Nf8 12. h3 N6d7 13. Re1 e5 14. fxe5 Nxe5 15.
Nxe5 Bxe5 16. Qd2 g5 17. Bf2 Ng6 18. Nb5 Qd8 19. Rab1 a6 20. Na3 Qf6 21. Rf1
Qg7 22. b4 Bc3 23. Qd1 Bxb4 24. Rxb4 cxb4 25. Qa4 Bxh3 26. gxh3 bxa3 27. Qd7
Ne5 0-1

[Event "VII C.to Italiano U20"]
[Site "Laveno-Mombello ITA"]
[Date "1999.08.15"]
[Round "5"]
[White "Galli, Fabio"]
[Black "Drabke, Lorenz Maximilian"]
[Result "1/2-1/2"]
[WhiteElo "2158"]
[BlackElo "2102"]
[PlyCount "56"]
[EventDate "1999.08.11"]

1. e4 c5 2. Nf3 e6 3. d4 cxd4 4. Nxd4 Nc6 5. Nc3 Qc7 6. Bc4 a6 7. O-O b5 8. Bb3
Bb7 9. Be3 Nf6 10. a3 Bd6 11. g3 Nxd4 12. Bxd4 O-O 13. Qd3 Be5 14. Rad1 Rfd8
15. f4 Bxd4+ 16. Qxd4 Qa5 17. Rfe1 d6 18. f5 exf5 19. Nd5 Nxd5 20. Bxd5 Qc7 21.
Bxb7 Qxb7 22. exf5 Qc7 23. Rd2 Qc5 24. Qxc5 dxc5 25. Red1 Rxd2 26. Rxd2 Kf8 27.
Kf2 Ke7 28. Kf3 Rc8 1/2-1/2

[Event "VII C.to Italiano U20"]
[Site "Laveno-Mombello ITA"]
[Date "1999.08.15"]
[Round "5"]
[White "Ganci, Fabrizio"]
[Black "Artizzu, Giulio"]
[Result "1-0"]
[WhiteElo "1669"]
[BlackElo "1825"]
[PlyCount "61"]
[EventDate "1999.08.11"]

1. d4 Nc6 2. Nf3 d5 3. c4 Bg4 4. e3 e5 5. dxe5 Nxe5 6. cxd5 Bb4+ 7. Nc3 Qd6 8.
Be2 Bxf3 9. Bxf3 O-O-O 10. e4 Nf6 11. O-O Bxc3 12. bxc3 h5 13. Bf4 g5 14. Bxg5
Nfg4 15. Bf4 Rdg8 16. h3 Qf6 17. Bxe5 Nxe5 18. Kh1 Rg4 19. Re1 Rf4 20. Re3 Ng4
21. Bxg4+ hxg4 22. Qd4 Qh4 23. Rg3 f6 24. Qe3 gxh3 25. Rxh3 Rxe4 26. Qxa7 Kd7
27. Qxb7 Rh6 28. Qc6+ Kc8 29. d6 Rc4 30. Qe8+ Kb7 31. Rb1+ 1-0

[Event "VII C.to Italiano U20"]
[Site "Laveno-Mombello ITA"]
[Date "1999.08.15"]
[Round "5"]
[White "Gianfrancesco, Alessandro"]
[Black "Galioto, Natale"]
[Result "0-1"]
[WhiteElo "1624"]
[BlackElo "1934"]
[PlyCount "148"]
[EventDate "1999.08.11"]

1. d4 Nf6 2. Nf3 g6 3. Bg5 Bg7 4. e3 c5 5. c3 O-O 6. Bd3 cxd4 7. exd4 d6 8. O-O
Nc6 9. Nbd2 Bd7 10. Re1 Qc7 11. Ne4 Nxe4 12. Bxe4 e5 13. dxe5 dxe5 14. Qd2 f6
15. Bh6 Rad8 16. Bxg7 Kxg7 17. Qc2 Ne7 18. Rad1 Bc6 19. Bxc6 Nxc6 20. Rxd8 Rxd8
21. Rd1 Rd7 22. Rxd7+ Qxd7 23. Qd2 Qxd2 24. Nxd2 f5 25. f3 Kf6 26. Kf2 Ne7 27.
c4 Nc6 28. Ke3 Ke6 29. a3 Nd4 30. Kd3 Kd6 31. f4 Ne6 32. fxe5+ Kxe5 33. Nf3+
Kd6 34. g3 f4 35. gxf4 Nxf4+ 36. Ke4 Nh3 37. b4 b6 38. Nd4 a6 39. Nf3 a5 40.
Nd4 axb4 41. axb4 Nf2+ 42. Kf3 Nd3 43. c5+ bxc5 44. bxc5+ Nxc5 45. Kg4 Ke5 46.
Nf3+ Kf6 47. Nd2 h6 48. Nf3 Ne6 49. Nd2 h5+ 50. Kh4 Kf5 51. Nf1 Nf4 52. Ng3+
Kf6 53. Ne4+ Ke5 54. Ng3 Kf6 55. Ne4+ Kg7 56. Kg3 Ne2+ 57. Kh4 Kh6 58. Kh3 g5
59. Kg2 Kg6 60. Kf2 Nd4 61. Ng3 Nf5 62. Ne4 Nh4 63. Ng3 Nf5 64. Ne4 Ne7 65. Ng3
Nd5 66. Ne4 Kf5 67. Ng3+ Kg4 68. Ne4 Kf4 69. Ng3 h4 70. Ne2+ Kg4 71. Nd4 Kh3
72. Nf3 g4 73. Ng1+ Kxh2 74. Ne2 g3+ 0-1

[Event "VII C.to Italiano U20"]
[Site "Laveno-Mombello ITA"]
[Date "1999.08.15"]
[Round "5"]
[White "Iafelice, Vincenzo"]
[Black "Bonzano, Maria Angela"]
[Result "1-0"]
[WhiteElo "1741"]
[BlackElo "1593"]
[PlyCount "135"]
[EventDate "1999.08.11"]

1. e4 c6 2. d4 d5 3. Nd2 dxe4 4. Nxe4 Bf5 5. Ng3 Bg6 6. h4 h6 7. Nf3 Nd7 8. Bd3
Bxd3 9. Qxd3 Qc7 10. Bd2 Ngf6 11. O-O-O O-O-O 12. Kb1 e6 13. Ne4 Nc5 14. Nxc5
Bxc5 15. Qc4 Bd6 16. Rhe1 Kb8 17. Bb4 Bxb4 18. Qxb4 Nd5 19. Qc4 Rhe8 20. Ne5
Re7 21. g3 Nb6 22. Qe2 Nd7 23. Nd3 Nf6 24. c3 Red7 25. Ne5 Re7 26. f4 Nd7 27.
Nd3 Nf6 28. h5 Red7 29. Ne5 Re7 30. g4 Nd7 31. Nd3 Rde8 32. Qf2 Nf6 33. Qf3 Nd7
34. Qe3 Nf6 35. Rg1 Nd5 36. Qf3 Qb6 37. Ka1 Qc7 38. Rg2 Rg8 39. Rdg1 Qd6 40. g5
hxg5 41. Rxg5 g6 42. hxg6 f6 43. R5g2 Reg7 44. f5 exf5 45. Qxf5 Ne7 46. Qf4 Kc7
47. Qxd6+ Kxd6 48. Nf4 f5 49. Kb1 b6 50. Kc2 a6 51. Kd3 b5 52. Re2 Kd7 53. Re6
Nd5 54. Nxd5 Kxe6 55. Nf4+ Kf6 56. Nh5+ Ke6 57. Nxg7+ Rxg7 58. Ke3 Kf6 59. Kf4
Rxg6 60. Rxg6+ Kxg6 61. b3 Kf6 62. c4 bxc4 63. bxc4 a5 64. a4 Ke6 65. Kg5 Kd6
66. Kxf5 c5 67. d5 Kd7 68. Ke5 1-0

[Event "VII C.to Italiano U20"]
[Site "Laveno-Mombello ITA"]
[Date "1999.08.15"]
[Round "5"]
[White "Ibba, Isacco"]
[Black "Cardarelli, Angelo"]
[Result "1-0"]
[WhiteElo "1786"]
[BlackElo "1633"]
[PlyCount "151"]
[EventDate "1999.08.11"]

1. e4 c5 2. Nf3 Nc6 3. b4 cxb4 4. d4 d5 5. exd5 Qxd5 6. c4 bxc3 7. Nxc3 Qd8 8.
Bc4 e6 9. O-O Nf6 10. Re1 Be7 11. d5 exd5 12. Bxd5 O-O 13. a3 Nxd5 14. Nxd5 Be6
15. Nxe7+ Qxe7 16. Ng5 h6 17. Ne4 Rfd8 18. Qh5 Rd5 19. Qf3 Ne5 20. Qg3 Ng6 21.
Bb2 Rad8 22. Rac1 Rd3 23. f3 b6 24. Qf2 Nf4 25. Be5 Ng6 26. Bb2 f5 27. Ng3 Rd2
28. Re2 Rd1+ 29. Rxd1 Rxd1+ 30. Nf1 Qd7 31. Rd2 Rxd2 32. Qxd2 Qxd2 33. Nxd2 Nf4
34. Be5 Nd3 35. Bb8 a6 36. Kf1 b5 37. Ke2 Nb2 38. Bc7 Nc4 39. Nb1 Kf7 40. Kd3
Ke7 41. Kd4 Kd7 42. Bf4 g5 43. Bc1 Kd6 44. Nc3 Kc6 45. g3 a5 46. Nd1 b4 47.
axb4 axb4 48. Nf2 Kb5 49. Nd3 b3 50. Nc5 Bc8 51. Nxb3 Bb7 52. f4 gxf4 53. Bxf4
h5 54. Nc5 Bf3 55. Ne6 Nb6 56. Ng7 Kc6 57. h4 Kd7 58. Ke5 Ke7 59. Kxf5 Kf7 60.
Be5 Nd5 61. Kg5 Bd1 62. Nxh5 Ne3 63. Nf6 Nf1 64. g4 Ne3 65. Bf4 Nxg4 66. Nxg4
Kg7 67. h5 Bc2 68. h6+ Kf7 69. Ne5+ Kg8 70. Kf6 Kh7 71. Ng4 Kg8 72. Ke7 Bh7 73.
Nf6+ Kh8 74. Kf8 Bc2 75. h7 Bxh7 76. Bh6 1-0

[Event "VII C.to Italiano U20"]
[Site "Laveno-Mombello ITA"]
[Date "1999.08.15"]
[Round "5"]
[White "Jovanovic, Zoran"]
[Black "Coratella, Giuseppe"]
[Result "1-0"]
[WhiteElo "2310"]
[BlackElo "2098"]
[PlyCount "121"]
[EventDate "1999.08.11"]

1. e4 e6 2. d4 d5 3. Nc3 Nf6 4. Bg5 Be7 5. e5 Nfd7 6. Bxe7 Qxe7 7. f4 a6 8. Nf3
c5 9. Bd3 Nc6 10. O-O Nb6 11. Qd2 Bd7 12. Qf2 c4 13. Be2 Qb4 14. Qe3 Ne7 15.
Qd2 Na4 16. Nxa4 Qxd2 17. Nxd2 Bxa4 18. b3 cxb3 19. axb3 Bd7 20. Bd3 Rc8 21.
Rfc1 O-O 22. b4 Nc6 23. c3 Na7 24. Kf2 Bb5 25. Ke3 Bxd3 26. Kxd3 Rc7 27. Nb1
Rfc8 28. Na3 Kf8 29. Rab1 Ke8 30. b5 axb5 31. Nxb5 Nxb5 32. Rxb5 Kd8 33. g4 Ra8
34. Rcb1 Kc8 35. f5 Ra3 36. R1b3 Rxb3 37. Rxb3 Kb8 38. Rb2 Kc8 39. fxe6 fxe6
40. Rf2 Kd8 41. Rf8+ Kd7 42. h4 Kc6 43. Kc2 Re7 44. Kb3 Rc7 45. Kb4 Re7 46. g5
g6 47. Rf6 Kd7 48. Kc5 Kc7 49. Rf8 Rg7 50. Kb5 Re7 51. Rf6 Kd7 52. Kb6 Ke8 53.
Rf2 Rd7 54. Ra2 Rf7 55. Ra8+ Ke7 56. Rb8 Rf3 57. Rxb7+ Kf8 58. Kc6 Rxc3+ 59.
Kd6 Rc4 60. Kxe6 Rxd4 61. Rxh7 1-0

[Event "VII C.to Italiano U20"]
[Site "Laveno-Mombello ITA"]
[Date "1999.08.15"]
[Round "5"]
[White "Loetscher, Roland"]
[Black "Ferro, Mario"]
[Result "1-0"]
[WhiteElo "2209"]
[BlackElo "1807"]
[PlyCount "57"]
[EventDate "1999.08.11"]

1. d4 Nf6 2. c4 d6 3. Nc3 Nbd7 4. Nf3 e5 5. e4 Be7 6. Be2 O-O 7. O-O exd4 8.
Nxd4 Nc5 9. Bf3 a5 10. b3 Nfd7 11. Bb2 Bf6 12. Qd2 Ne5 13. Be2 Bg4 14. Rad1
Ned3 15. Bxd3 Bxd4 16. Be2 Bxe2 17. Qxe2 Ne6 18. Kh1 Qh4 19. a3 Qh6 20. Nd5
Bxb2 21. Qxb2 Rae8 22. Qc3 f5 23. exf5 Rxf5 24. Qd2 Ng5 25. Rde1 Rfe5 26. Rxe5
dxe5 27. h4 Ne6 28. Qxh6 gxh6 29. Nf6+ 1-0

[Event "VII C.to Italiano U20"]
[Site "Laveno-Mombello ITA"]
[Date "1999.08.15"]
[Round "5"]
[White "Lorusso, Giuseppe"]
[Black "Arnetta, Marianna"]
[Result "1/2-1/2"]
[WhiteElo "1528"]
[BlackElo "1714"]
[PlyCount "59"]
[EventDate "1999.08.11"]

1. d4 e6 2. c4 d5 3. Nc3 Nf6 4. Bg5 Be7 5. e3 Nbd7 6. Nf3 O-O 7. Rc1 c5 8. cxd5
Nxd5 9. Bxe7 Nxe7 10. Bd3 cxd4 11. exd4 Nf6 12. O-O Bd7 13. Bb1 Ng6 14. Ne5 Qa5
15. Nxd7 Nxd7 16. d5 exd5 17. Bxg6 hxg6 18. Qxd5 Qxd5 19. Nxd5 Rfd8 20. Rc7 Kf8
21. g3 Ne5 22. Ne3 Rd7 23. Rxd7 Nxd7 24. Rc1 b6 25. Kf1 Nc5 26. Ke2 Rd8 27. Rd1
Rxd1 28. Nxd1 Ke7 29. Nc3 Ke6 30. Ke3 1/2-1/2

[Event "VII C.to Italiano U20"]
[Site "Laveno-Mombello ITA"]
[Date "1999.08.15"]
[Round "5"]
[White "Sedani, Elisa"]
[Black "Arcion, Riccardo"]
[Result "0-1"]
[WhiteElo "1479"]
[BlackElo "1536"]
[PlyCount "34"]
[EventDate "1999.08.11"]

1. e4 Nf6 2. Nc3 e5 3. Nf3 Nc6 4. Bc4 Nxe4 5. Nxe4 d5 6. Bb5 dxe4 7. Nxe5 Qd5
8. Nxc6 Qxb5 9. Nd4 Qb6 10. Nb3 Bd7 11. d3 exd3 12. Qxd3 O-O-O 13. Be3 Qc6 14.
Bxa7 Bg4 15. Qg3 Bb4+ 16. c3 Qc4 17. Nc1 Rd1# 0-1

[Event "VII C.to Italiano U20"]
[Site "Laveno-Mombello ITA"]
[Date "1999.08.15"]
[Round "5"]
[White "Tappeiner, Michael"]
[Black "Pavanello, Diego"]
[Result "1/2-1/2"]
[WhiteElo "1579"]
[BlackElo "1609"]
[PlyCount "81"]
[EventDate "1999.08.11"]

1. e4 c6 2. d4 d5 3. exd5 cxd5 4. c4 Nf6 5. Nc3 e6 6. Nf3 Nc6 7. Bg5 Be7 8. a3
dxc4 9. Bxc4 O-O 10. O-O Re8 11. Qd2 Nd5 12. Bxe7 Ncxe7 13. Rad1 Nxc3 14. bxc3
Nd5 15. Qb2 b6 16. Bb5 Bd7 17. Bxd7 Qxd7 18. c4 Nf6 19. Rc1 Rac8 20. Rfd1 Red8
21. h3 h6 22. Qb3 Rc7 23. Rd2 Qc8 24. Rdc2 Rd6 25. c5 bxc5 26. Rxc5 Rdd7 27.
Ne5 Rxc5 28. Rxc5 Rc7 29. Rb5 Nd7 30. Nxd7 Qxd7 31. Rb8+ Kh7 32. Qd3+ g6 33.
Qe4 Rc1+ 34. Kh2 Qc7+ 35. Qe5 Qxe5+ 36. dxe5 Kg7 37. Rb3 Rc5 38. f4 Rc7 39. h4
h5 40. Kh3 Kf8 41. g4 1/2-1/2

[Event "VII C.to Italiano U20"]
[Site "Laveno-Mombello ITA"]
[Date "1999.08.15"]
[Round "5"]
[White "Tomba, Ivan"]
[Black "Mariano, Elia"]
[Result "1/2-1/2"]
[WhiteElo "2010"]
[BlackElo "2235"]
[PlyCount "111"]
[EventDate "1999.08.11"]

1. e4 e6 2. d4 d5 3. e5 c5 4. c3 Qb6 5. Nf3 Nc6 6. a3 Nh6 7. b4 cxd4 8. cxd4
Nf5 9. Bb2 Bd7 10. g4 Nh6 11. h3 f6 12. exf6 gxf6 13. Nc3 Nf7 14. Rc1 Bh6 15.
Rc2 Ne7 16. b5 Nd6 17. a4 Rc8 18. Bd3 Nc4 19. Bxc4 Rxc4 20. O-O O-O 21. Qa1 Ng6
22. Bc1 Bg7 23. Be3 Rfc8 24. Rfc1 Qd6 25. Nd2 R4c7 26. Nde4 Qf8 27. Nc5 Qe7 28.
Qa2 Be8 29. a5 b6 30. axb6 axb6 31. Nd3 Nh4 32. Qb3 Nf3+ 33. Kg2 Bg6 34. Nxd5
Nh4+ 35. Kg3 exd5 36. Rxc7 Rxc7 37. Rxc7 Qxc7+ 38. Kxh4 Bf7 39. Bf4 Qc4 40.
Qxc4 dxc4 41. Nb4 c3 42. d5 Bf8 43. d6 Be6 44. g5 fxg5+ 45. Kxg5 Kf7 46. Be5
Bxh3 47. Bxc3 Bxd6 48. Nd3 Bf1 49. Ne5+ Ke6 50. f4 Be7+ 51. Kh6 Bxb5 52. Kxh7
Kf5 53. Kg7 Bf6+ 54. Kf7 Ba4 55. Bd4 Bb3+ 56. Ke8 1/2-1/2

[Event "VII C.to Italiano U20"]
[Site "Laveno-Mombello ITA"]
[Date "1999.08.15"]
[Round "5"]
[White "Trentini, Danilo"]
[Black "Forato, Piero"]
[Result "1/2-1/2"]
[WhiteElo "2100"]
[BlackElo "1665"]
[PlyCount "44"]
[EventDate "1999.08.11"]

1. d4 Nf6 2. Nf3 g6 3. c4 Bg7 4. Nc3 O-O 5. e4 d6 6. Be2 e5 7. d5 Nbd7 8. Bg5
a5 9. Nd2 h6 10. Bh4 Nc5 11. O-O g5 12. Bg3 Nfxe4 13. Ndxe4 Nxe4 14. Nxe4 f5
15. Nc3 f4 16. Bg4 fxg3 17. hxg3 e4 18. Bxc8 Qxc8 19. Nxe4 Qf5 20. f3 Bxb2 21.
Rb1 Qe5 22. g4 Rae8 1/2-1/2

[Event "VII C.to Italiano U20"]
[Site "Laveno-Mombello ITA"]
[Date "1999.08.16"]
[Round "6"]
[White "Arnetta, Marianna"]
[Black "Tappeiner, Michael"]
[Result "1-0"]
[WhiteElo "1714"]
[BlackElo "1579"]
[PlyCount "137"]
[EventDate "1999.08.11"]

1. e4 e6 2. d4 d5 3. exd5 exd5 4. Bd3 Nf6 5. Nf3 Bd6 6. O-O O-O 7. Bg5 Bg4 8.
Nbd2 Nbd7 9. c3 c6 10. Qc2 Qc7 11. Rfe1 Rfe8 12. h3 Bh5 13. Nh4 Bg6 14. Nxg6
hxg6 15. Nf3 Rxe1+ 16. Rxe1 Re8 17. Rxe8+ Nxe8 18. Qe2 Nef6 19. Bh4 Nb6 20. Ne5
Qe7 21. f4 Qe8 22. Qf3 Nfd7 23. Qg4 Nxe5 24. fxe5 Be7 25. Bg3 Qd7 26. Qf4 Qe6
27. b3 Nd7 28. c4 Nb6 29. Qc1 a6 30. Qc3 Nd7 31. Qc2 Nf8 32. Be2 Qd7 33. Bg4
Ne6 34. cxd5 Qxd5 35. Bxe6 Qxe6 36. Qc4 Qf5 37. Kh2 Qd7 38. Be1 Kf8 39. Bb4
Bxb4 40. Qxb4+ Qe7 41. Qb6 f6 42. exf6 gxf6 43. Qc5 Qxc5 44. dxc5 Ke7 45. h4
Ke6 46. Kg3 Ke5 47. Kf3 g5 48. hxg5 fxg5 49. Kg4 Kf6 50. Kh5 Kf5 51. a3 g4 52.
Kh4 a5 53. a4 Ke5 54. Kxg4 Kd5 55. Kf4 Kxc5 56. g4 Kb4 57. g5 Kxb3 58. g6 Kxa4
59. g7 b5 60. g8=Q Kb4 61. Qa2 c5 62. Ke3 a4 63. Kd3 Ka5 64. Kc3 Kb6 65. Qe6+
Kb7 66. Qd7+ Kb6 67. Qd6+ Kb7 68. Qd7+ Kb6 69. Qd6+ 1-0

[Event "VII C.to Italiano U20"]
[Site "Laveno-Mombello ITA"]
[Date "1999.08.16"]
[Round "6"]
[White "Artizzu, Giulio"]
[Black "Arcion, Riccardo"]
[Result "1-0"]
[WhiteElo "1825"]
[BlackElo "1536"]
[PlyCount "87"]
[EventDate "1999.08.11"]

1. e4 Nf6 2. Nc3 d5 3. e5 Ne4 4. d4 Nxc3 5. bxc3 Bf5 6. Ne2 e6 7. Ng3 Bg6 8.
Be2 Be7 9. O-O O-O 10. f4 f5 11. exf6 Bxf6 12. Bg4 Bf7 13. Nh1 c6 14. Nf2 Nd7
15. Nd3 Qc7 16. Qf3 c5 17. Ba3 b6 18. Rae1 Rfe8 19. Ne5 Bxe5 20. fxe5 Nf8 21.
Re2 Bg6 22. Ref2 Qc6 23. h4 Nd7 24. h5 Rf8 25. Qh3 Bf5 26. Bxf5 exf5 27. Rxf5
Rxf5 28. Rxf5 Nf8 29. Qg4 Ne6 30. Bc1 Rf8 31. Rf6 Rxf6 32. exf6 Kf7 33. fxg7
Nxg7 34. Bf4 Qe6 35. Qxe6+ Nxe6 36. Be3 c4 37. Kf2 Kf6 38. g4 a6 39. Kg3 Nc7
40. g5+ Kf5 41. g6 hxg6 42. h6 Kf6 43. Bf4 Ne6 44. Be5+ 1-0

[Event "VII C.to Italiano U20"]
[Site "Laveno-Mombello ITA"]
[Date "1999.08.16"]
[Round "6"]
[White "Berni, Giorgio"]
[Black "Delfino, Luigi"]
[Result "1-0"]
[WhiteElo "1665"]
[BlackElo "1909"]
[PlyCount "98"]
[EventDate "1999.08.11"]

1. e4 c6 2. d4 d5 3. exd5 cxd5 4. c4 Nf6 5. Nc3 Nc6 6. h3 dxc4 7. Nf3 Bf5 8.
Bxc4 e6 9. Bf4 Bb4 10. O-O O-O 11. a3 Bxc3 12. bxc3 Rc8 13. Bd3 Bxd3 14. Qxd3
Na5 15. Bg5 Nc4 16. Qe2 Qd5 17. Bxf6 gxf6 18. Nd2 Nxd2 19. Qxd2 Kg7 20. Rfe1
Rg8 21. f3 Qg5 22. Qxg5+ fxg5 23. Rac1 Rc4 24. Re5 Kf6 25. Rb5 b6 26. Rb4 Rgc8
27. Rb3 Rxd4 28. Kf2 Rd2+ 29. Kg3 Rcd8 30. Rf1 R8d3 31. Rf2 Rd1 32. Rc2 Rh1 33.
Rb4 h5 34. Rc4 Rd7 35. Rf2 Ra1 36. a4 Ra3 37. f4 Rd3+ 38. Rf3 gxf4+ 39. Rcxf4+
Kg5 40. Rxd3 f5 41. h4+ Kf6 42. Rdf3 a6 43. Rb4 a5 44. Rxb6 Rxa4 45. Kh3 f4 46.
Rb5 e5 47. g3 Kf5 48. Rxf4+ Rxf4 49. gxf4 Kxf4 1-0

[Event "VII C.to Italiano U20"]
[Site "Laveno-Mombello ITA"]
[Date "1999.08.16"]
[Round "6"]
[White "Bonzano, Maria Angela"]
[Black "Sedani, Elisa"]
[Result "1-0"]
[WhiteElo "1593"]
[BlackElo "1479"]
[PlyCount "97"]
[EventDate "1999.08.11"]

1. d4 d5 2. c4 e6 3. Nc3 Nf6 4. Bg5 Nbd7 5. e3 Be7 6. cxd5 Nxd5 7. Bxe7 Qxe7 8.
Rc1 c6 9. Nf3 O-O 10. Be2 N7b6 11. O-O f6 12. Qb3 Bd7 13. Nxd5 exd5 14. Rfe1 f5
15. Ne5 Be6 16. Bd3 Rab8 17. Qc2 Nd7 18. Nf3 Nf6 19. a3 Ne4 20. b4 a6 21. Rb1
Rfc8 22. Rec1 Bd7 23. Ne5 Be6 24. Qe2 Rf8 25. Qc2 Rbc8 26. Nf3 Bd7 27. Nd2 Rce8
28. Nf3 Rc8 29. Qb2 Nd6 30. Qc2 Kh8 31. Qc5 b6 32. Qc2 Be6 33. Bxa6 Rc7 34. Bd3
Ra8 35. Qb3 Ne4 36. Qb2 Ng5 37. Ne5 Bd7 38. Nxd7 Qxd7 39. Rc2 Qf7 40. Rbc1 Qd7
41. b5 Rac8 42. bxc6 Rxc6 43. Rxc6 Rxc6 44. Rxc6 Qxc6 45. Bxf5 Nf7 46. Qc2 Qxc2
47. Bxc2 Nd6 48. Bb3 Nb5 49. a4 1-0

[Event "VII C.to Italiano U20"]
[Site "Laveno-Mombello ITA"]
[Date "1999.08.16"]
[Round "6"]
[White "Cardarelli, Angelo"]
[Black "Frassoldati, Giacomo"]
[Result "1-0"]
[WhiteElo "1633"]
[BlackElo "1579"]
[PlyCount "79"]
[EventDate "1999.08.11"]

1. e4 c5 2. Nf3 e6 3. d4 cxd4 4. Nxd4 a6 5. Nc3 Qc7 6. Be3 Nf6 7. Qd2 Bb4 8.
Bd3 Nc6 9. a3 Bd6 10. h3 Be5 11. Nde2 Ne7 12. f4 Bxc3 13. bxc3 d6 14. O-O Bd7
15. g4 Bc6 16. Ng3 h5 17. g5 Nd7 18. Qf2 h4 19. Ne2 f5 20. exf5 Nxf5 21. Bxf5
exf5 22. Nd4 Be4 23. Rfe1 Kf7 24. Qd2 Nb6 25. a4 Rac8 26. Nb3 Qxc3 27. Qxc3
Rxc3 28. Bxb6 Rxh3 29. Nd4 Rg3+ 30. Kh2 Rg4 31. Rf1 Bg2 32. Rf2 h3 33. Nxf5 Bc6
34. Rg1 Rg2+ 35. Rfxg2 hxg2+ 36. Kg3 Rh1 37. Nxd6+ Ke6 38. Nc4 Rxg1 39. Bxg1
Bxa4 40. Ne3 1-0

[Event "VII C.to Italiano U20"]
[Site "Laveno-Mombello ITA"]
[Date "1999.08.16"]
[Round "6"]
[White "Coratella, Giuseppe"]
[Black "Dorighet, Claudio"]
[Result "0-1"]
[WhiteElo "2098"]
[BlackElo "2121"]
[PlyCount "64"]
[EventDate "1999.08.11"]

1. e4 c5 2. Nf3 d6 3. d4 cxd4 4. Nxd4 Nf6 5. Nc3 g6 6. Bg5 Bg7 7. Bb5+ Bd7 8.
Qe2 a6 9. Bxd7+ Nbxd7 10. O-O-O Rc8 11. Nb3 O-O 12. f4 Rxc3 13. bxc3 Qc7 14.
Rd3 h6 15. Bh4 Nc5 16. Re3 Rc8 17. Rd1 Qc6 18. e5 dxe5 19. fxe5 Nd5 20. Rxd5
Qxd5 21. Bxe7 Na4 22. Bb4 Re8 23. Bd6 Nb6 24. Rd3 Qb5 25. Qf3 Nc4 26. Rd5 Qa4
27. Qf4 b5 28. g3 Qxa2 29. Bc7 Qb2+ 30. Kd1 Qxc3 31. Rd7 Rf8 32. Re7 Nb2+ 0-1

[Event "VII C.to Italiano U20"]
[Site "Laveno-Mombello ITA"]
[Date "1999.08.16"]
[Round "6"]
[White "De Bortoli, Peter"]
[Black "Mazzilli, Piero"]
[Result "1/2-1/2"]
[WhiteElo "2225"]
[BlackElo "2131"]
[PlyCount "111"]
[EventDate "1999.08.11"]

1. e4 c5 2. Nf3 d6 3. d4 cxd4 4. Nxd4 Nf6 5. Nc3 a6 6. Rg1 b5 7. g4 Bb7 8. Bg2
e5 9. Nf5 b4 10. Nd5 Nxd5 11. exd5 Nd7 12. Be3 Qa5 13. Qd2 Nf6 14. a3 g6 15.
Bg5 Nxg4 16. Ne3 Nxe3 17. Bxe3 Rc8 18. Rc1 f5 19. Qxb4 Qxb4+ 20. axb4 Bg7 21.
c4 e4 22. b3 Ba8 23. Bd2 Kd7 24. Ke2 Rc7 25. Rge1 Rb8 26. Rb1 Rcb7 27. Rec1 Bd4
28. Rc2 Rxb4 29. Bxb4 Rxb4 30. Ra2 Bb7 31. Ra4 Bc5 32. Rxb4 Bxb4 33. f3 exf3+
34. Kxf3 Ke7 35. Rb2 Bc8 36. Re2+ Kf7 37. Kf4 h6 38. h4 Bd7 39. Bf1 a5 40. Rg2
Kf6 41. Bd3 g5+ 42. hxg5+ hxg5+ 43. Ke3 a4 44. bxa4 Bxa4 45. Ra2 Bd1 46. Ra8
Bc5+ 47. Kd2 Bg4 48. Re8 f4 49. Be4 Bd7 50. Rd8 Bh3 51. Rh8 Bf1 52. Bd3 Bxd3
53. Kxd3 Kf5 54. Rf8+ Ke5 55. Re8+ Kf5 56. Rf8+ 1/2-1/2

[Event "VII C.to Italiano U20"]
[Site "Laveno-Mombello ITA"]
[Date "1999.08.16"]
[Round "6"]
[White "Drabke, Lorenz Maximilian"]
[Black "Tomba, Ivan"]
[Result "1/2-1/2"]
[WhiteElo "2102"]
[BlackElo "2010"]
[PlyCount "52"]
[EventDate "1999.08.11"]

1. g3 Nf6 2. Bg2 g6 3. c4 Bg7 4. Nc3 O-O 5. d3 d6 6. Nf3 e5 7. O-O c6 8. Bd2 h6
9. b4 Be6 10. b5 Qc7 11. Rb1 Nbd7 12. Qa4 Nc5 13. Qa3 Nfd7 14. bxc6 bxc6 15.
Na4 Nxa4 16. Qxa4 Rab8 17. Ba5 Nb6 18. Nd2 d5 19. Qc2 Qd7 20. Rfd1 Rfc8 21. Rb4
Qe8 22. Rdb1 Nd7 23. Rb7 Rxb7 24. Rxb7 Ra8 25. cxd5 cxd5 26. Nb3 Nb6 1/2-1/2

[Event "VII C.to Italiano U20"]
[Site "Laveno-Mombello ITA"]
[Date "1999.08.16"]
[Round "6"]
[White "Ferro, Mario"]
[Black "Castaldo, Folco"]
[Result "1-0"]
[WhiteElo "1807"]
[BlackElo "2225"]
[PlyCount "77"]
[EventDate "1999.08.11"]

1. e4 e6 2. d4 d5 3. exd5 exd5 4. Bf4 Nf6 5. Bd3 Be7 6. Nf3 O-O 7. O-O Bg4 8.
Nbd2 Nbd7 9. c3 c5 10. dxc5 Nxc5 11. Qc2 Bh5 12. Bf5 Bg6 13. Nd4 Qb6 14. Rfe1
Rfe8 15. Bxg6 hxg6 16. Nf1 Rac8 17. Rad1 Nce4 18. Qb3 Nc5 19. Qxb6 axb6 20. Nb5
Bf8 21. Rxe8 Rxe8 22. Ne3 Nce4 23. Nc7 Rc8 24. Ncxd5 b5 25. f3 Nc5 26. Nxf6+
gxf6 27. Bd6 Bh6 28. Ng4 Bg7 29. Be7 f5 30. Nf6+ Kh8 31. Bxc5 Bxf6 32. Bd4 Kg7
33. Bxf6+ Kxf6 34. Rd6+ Ke5 35. Rb6 Rd8 36. Rxb5+ Kf4 37. Rxb7 Ke3 38. Re7+ Kd2
39. Kf2 1-0

[Event "VII C.to Italiano U20"]
[Site "Laveno-Mombello ITA"]
[Date "1999.08.16"]
[Round "6"]
[White "Forato, Piero"]
[Black "Arnetta, Maria Teresa"]
[Result "1/2-1/2"]
[WhiteElo "1665"]
[BlackElo "1792"]
[PlyCount "79"]
[EventDate "1999.08.11"]

1. e4 c5 2. Nf3 e6 3. d4 cxd4 4. Nxd4 a6 5. c4 Nf6 6. Nc3 Bb4 7. Bd3 Nc6 8.
Nxc6 dxc6 9. e5 Qa5 10. exf6 Bxc3+ 11. bxc3 Qxc3+ 12. Bd2 Qxd3 13. fxg7 Rg8 14.
Bg5 Qc3+ 15. Kf1 Qxc4+ 16. Kg1 Qd5 17. Bf6 Bd7 18. Rc1 Rd8 19. Qc2 Qf5 20. Qxf5
exf5 21. Bxd8 Kxd8 22. f4 Rxg7 23. Kf2 Be6 24. Rhd1+ Kc7 25. Rd2 Rg8 26. g3 b6
27. a3 c5 28. a4 c4 29. Ke3 b5 30. axb5 axb5 31. Rb1 Kc6 32. Rdb2 Rb8 33. Kd4
Rd8+ 34. Kc3 Rd3+ 35. Kc2 Rd5 36. Kc3 Bd7 37. Kb4 Rd3 38. Re1 Kd6 39. Rbb1 Kc6
40. Rb2 1/2-1/2